[Event "Treviso op-B 4th"]
[Site "Treviso"]
[Date "2023.04.02"]
[Round "5"]
[White "Frascerra, Andrea"]
[Black "Simonetto, Denis"]
[Result "0-1"]
[WhiteElo "1462"]
[BlackElo "1191"]
[PlyCount "78"]
[EventDate "2023.03.31"]
[EventType "swiss"]
[EventRounds "5"]
[EventCountry "ITA"]
[SourceTitle "EXT 2024"]
[Source "ChessBase"]
[SourceDate "2023.10.10"]
[SourceVersion "1"]
[SourceVersionDate "2023.10.10"]
[SourceQuality "1"]

1. e4 b6 2. d4 Bb7 3. Nc3 e6 4. Be3 Bb4 5. Bd3 Nf6 6. f3 d5 7. e5 Nfd7 8. f4 g6 9. Nf3 c5 10. a3 Bxc3+ 11. bxc3 c4 12. Be2 Nc6 13. 0-0 Ne7 14. Qe1 Qc7 15. Kh1 b5 16. Nh4 f5 17. h3 0-0-0 18. Nf3 h6 19. Qf2 Nb6 20. Nh2 Na4 21. Bd2 Qa5 22. g4 Rdg8 23. Rg1 Qd8 24. Rg3 Bc6 25. Qg1 Be8 26. Be1 g5 27. Rf3 gxf4 28. Bh4 fxg4 29. hxg4 h5 30. Rxf4 Nxc3 31. Bf3 hxg4 32. Rxg4 Bf7 33. Bf6 Rxg4 34. Qxg4 Rg8 35. Qh3 Ne4 36. Bxe4 dxe4 37. Qh4 Qxd4 38. Rf1 Nf5 39. Ng4 e3 0-1

[Event "Treviso op-B 4th"]
[Site "Treviso"]
[Date "2023.04.01"]
[Round "2"]
[White "Frascerra, Andrea"]
[Black "Casagrande, Corrado"]
[Result "1-0"]
[WhiteElo "1462"]
[BlackElo "1613"]
[PlyCount "67"]
[EventDate "2023.03.31"]
[EventType "swiss"]
[EventRounds "5"]
[EventCountry "ITA"]
[SourceTitle "EXT 2024"]
[Source "ChessBase"]
[SourceDate "2023.10.10"]
[SourceVersion "1"]
[SourceVersionDate "2023.10.10"]
[SourceQuality "1"]

1. e4 e6 2. d4 d5 3. e5 c5 4. c3 Nc6 5. Nf3 cxd4 6. cxd4 Qb6 7. a3 Bd7 8. b4 Rc8 9. Bb2 Nge7 10. Bd3 Nf5 11. Bxf5 exf5 12. 0-0 Na5 13. Nbd2 Nc4 14. Nxc4 dxc4 15. Bc3 Be7 16. Re1 0-0 17. d5 Rfd8 18. Nd4 Bf8 19. Qf3 Re8 20. Nxf5 g6 21. Ng3 Bg7 22. Ne4 Rf8 23. Nf6+ Bxf6 24. exf6 Rfe8 25. Qf4 Re5 26. Bxe5 Qd8 27. Bc3 Qf8 28. Re7 Bf5 29. Rae1 b5 30. Rxa7 h6 31. Ree7 Re8 32. Rxf7 Qxf7 33. Rxf7 Kxf7 34. Qc7+ 1-0

[Event "Treviso op-B 4th"]
[Site "Treviso"]
[Date "2023.03.31"]
[Round "1"]
[White "Buqa, Brajan"]
[Black "Frascerra, Andrea"]
[Result "1/2-1/2"]
[WhiteElo "1646"]
[BlackElo "1462"]
[PlyCount "29"]
[EventDate "2023.03.31"]
[EventType "swiss"]
[EventRounds "5"]
[EventCountry "ITA"]
[SourceTitle "EXT 2024"]
[Source "ChessBase"]
[SourceDate "2023.10.10"]
[SourceVersion "1"]
[SourceVersionDate "2023.10.10"]
[SourceQuality "1"]

1. c4 Nf6 2. Nc3 e6 3. e4 d5 4. e5 Ne4 5. Nf3 Bc5 6. d4 Bb4 7. Bd2 Nxd2 8. Qxd2 0-0 9. a3 Be7 10. cxd5 exd5 11. Bd3 Nc6 12. 0-0 Bg4 13. Ne1 f6 14. h3 Be6 15. Nf3 1/2-1/2

[Event "Chioggia op-B 13th"]
[Site "Chioggia"]
[Date "2018.09.30"]
[Round "5"]
[White "Scarabottolo, Sebastiano"]
[Black "Frascerra, Andrea"]
[Result "1-0"]
[WhiteElo "1086"]
[BlackElo "1170"]
[PlyCount "61"]
[EventDate "2018.09.28"]
[EventType "swiss"]
[EventRounds "5"]
[EventCountry "ITA"]
[SourceTitle "EXT 2022"]
[Source "ChessBase"]
[SourceDate "2021.10.06"]
[SourceVersion "1"]
[SourceVersionDate "2021.10.06"]
[SourceQuality "1"]

1. e4 e5 2. Nf3 Nc6 3. Bc4 Bc5 4. Nc3 Nf6 5. d3 d6 6. h3 Be6 7. Bb3 h6 8. Be3 Bb6 9. Qd2 Qd7 10. Ba4 Bxe3 11. fxe3 0-0-0 12. Nb5 Qe7 13. d4 Nxe4 14. Qd3 d5 15. c4 a6 16. cxd5 axb5 17. dxc6 bxa4 18. cxb7+ Kxb7 19. Qxe4+ Kc8 20. Qa8+ Kd7 21. Qxa4+ Kc8 22. 0-0 f5 23. d5 g5 24. Qc6 g4 25. Rac1 gxf3 26. Rxf3 f4 27. a4 Rhg8 28. Rc2 Rg3 29. Rxg3 fxg3 30. a5 Qe8 31. Qxc7# 1-0

[Event "Chioggia op-B 13th"]
[Site "Chioggia"]
[Date "2018.09.29"]
[Round "3"]
[White "Candian, Lorenzo"]
[Black "Frascerra, Andrea"]
[Result "1-0"]
[WhiteElo "1446"]
[BlackElo "1170"]
[PlyCount "35"]
[EventDate "2018.09.28"]
[EventType "swiss"]
[EventRounds "5"]
[EventCountry "ITA"]
[SourceTitle "EXT 2022"]
[Source "ChessBase"]
[SourceDate "2021.10.06"]
[SourceVersion "1"]
[SourceVersionDate "2021.10.06"]
[SourceQuality "1"]

1. d4 f5 2. c4 Nf6 3. g3 e6 4. Bg2 d5 5. Nf3 c6 6. 0-0 Be7 7. Nc3 0-0 8. Re1 Qe8 9. Ne5 Nbd7 10. Nxd7 Bxd7 11. Qb3 Rb8 12. Bf4 Ra8 13. Qxb7 Qh5 14. cxd5 cxd5 15. Bf3 Qh3 16. Bg2 Qh5 17. f3 Rfb8 18. Bxb8 1-0

[Event "Chioggia op-B 13th"]
[Site "Chioggia"]
[Date "2018.09.28"]
[Round "1"]
[White "Cortese, Lina"]
[Black "Frascerra, Andrea"]
[Result "1-0"]
[WhiteElo "1674"]
[BlackElo "1170"]
[PlyCount "115"]
[EventDate "2018.09.28"]
[EventType "swiss"]
[EventRounds "5"]
[EventCountry "ITA"]
[SourceTitle "EXT 2022"]
[Source "ChessBase"]
[SourceDate "2021.10.06"]
[SourceVersion "1"]
[SourceVersionDate "2021.10.06"]
[SourceQuality "1"]

1. c4 e5 2. Nc3 Nf6 3. g3 d5 4. cxd5 Nxd5 5. Bg2 Be6 6. Nf3 f6 7. 0-0 Nc6 8. a3 Qd7 9. Nxd5 Bxd5 10. d3 Be6 11. Re1 0-0-0 12. Be3 h5 13. b4 g5 14. b5 Nd4 15. Qa4 Qxb5 16. Qxa7 Bc5 17. a4 Bxa7 18. axb5 Bb6 19. Ra8+ Kd7 20. Rxd8+ Rxd8 21. Nxd4 exd4 22. Bd2 c6 23. bxc6+ bxc6 24. Ra1 Re8 25. Ra6 Kc7 26. Ra4 c5 27. h3 Bd7 28. Ra2 Rxe2 29. Bf4+ Re5 30. Bxe5+ fxe5 31. Ra8 Bb5 32. Be4 c4 33. dxc4 Bxc4 34. Bf3 d3 35. Bxh5 Bb3 36. Re8 Bd4 37. Re7+ Kd6 38. Rg7 d2 39. Rxg5 d1Q+ 40. Bxd1 Bxd1 41. Kg2 e4 42. h4 Bf3+ 43. Kf1 e3 44. fxe3 Bxe3 45. Rg6+ Ke5 46. Ra6 Kd4 47. Ra4+ Kd3 48. g4 Kd2 49. g5 Bd5 50. g6 Be6 51. Kg2 Bc5 52. Kf3 Bd5+ 53. Kf4 Bc6 54. Ra6 Bd5 55. Kf5 Be7 56. h5 Ke3 57. h6 Bb4 58. g7 1-0